000 00373nam a2200133 i 4500
001 bg
100 1 _aJEŻOWIECKA-KABSCH, Krystyna
245 0 _aWpływ kształtów dyfuzorów na wysokości strat hydraulicznych /
_cKrystyna Jeżowiecka-Kabsch.
260 _aWrocław,
_c1971.
040 _cBPK
041 _apol
942 _cKS
008 s pl f |000 0 pol
999 _c25995
_d25995
856 _uhttp://koha.tu.koszalin.pl/cgi-bin/koha/opac-detail.pl?biblionumber=25995
_yKatalog online BPK